书目信息 |
| 题名: |
数理统计
|
|
| 作者: | 赵选民 编 | |
| 分册: | ||
| 出版信息: | 西安 西北工业大学出版社 1997.07 |
|
| 页数: | 268页 | |
| 开本: | 26cm | |
| 丛书名: | ||
| 单 册: | ||
| 中图分类: | O212 | |
| 科图分类: | ||
| 主题词: | 数理统计 | |
| 电子资源: | ||
| ISBN: | 7-5612-1145-7 | |
| 000 | 00568 nam 000217 | |
| 001 | 0100000407 | |
| 005 | 20070902085940.37 | |
| 010 | @a7-5612-1145-7@dCNY24.00 | |
| 100 | @a20070717d1997 em y0chiy0121 ea | |
| 101 | @achi | |
| 102 | @aCN@b610000 | |
| 105 | @ay z 000yy | |
| 200 | 10 | @a数理统计@9shu li tong ji@f赵选民编@Fzhao xuan min bian |
| 210 | @a西安@c西北工业大学出版社@d1997.07 | |
| 215 | @a268页@d26cm | |
| 606 | @a数理统计 | |
| 690 | @aO212@v4 | |
| 701 | 0 | @a赵选民@9zhao xuan min@4编 |
| 801 | @aCN@c20070902 | |
| 901 | @a000002 | |
| 905 | @dO212@eZ334 | |
| 数理统计/赵选民编.-西安:西北工业大学出版社,1997.07 |
| 268页;26cm |
| ISBN 7-5612-1145-7:CNY24.00 |
| ● |
| 相关链接 |
|
|
|
正题名:数理统计
索取号:O212/Z334
 
预约/预借
| 序号 | 登录号 | 条形码 | 馆藏地/架位号 | 状态 | 备注 |
| 1 | 642756 | 206427561 | 自科库401/401自科库 77排1列4层/ [索取号:O212/Z334] | 在馆 | |
| 2 | 642757 | 206427570 | 自科库401/401自科库 77排1列4层/ [索取号:O212/Z334] | 在馆 | |
| 3 | 642758 | 206427589 | 自科库401/401自科库 77排1列4层/ [索取号:O212/Z334] | 在馆 |